OUTSIDER (Record no. 34110)

MARC details
000 -LEADER
fixed length control field 00339nam a2200157Ia 4500
008 - FIXED-LENGTH DATA ELEMENTS--GENERAL INFORMATION
fixed length control field 200305s9999 xx 000 0 und d
020 ## - INTERNATIONAL STANDARD BOOK NUMBER
International Standard Book Number 978-0-141-18250-6
082 ## - DEWEY DECIMAL CLASSIFICATION NUMBER
Classification number 843.91
082 ## - DEWEY DECIMAL CLASSIFICATION NUMBER
Item number ALO
041 ## - LANGUAGE CODE
Language code of text/sound track or separate title eng
100 ## - MAIN ENTRY--PERSONAL NAME
Personal name ALBERT AND CAMUS
245 ## - TITLE STATEMENT
Title OUTSIDER
260 ## - PUBLICATION, DISTRIBUTION, ETC.
Name of publisher, distributor, etc. N D PEARSON EDU
300 ## - PHYSICAL DESCRIPTION
Extent 118
650 ## - SUBJECT ADDED ENTRY--TOPICAL TERM
Topical term or geographic name entry element ENGLISH
Holdings
Withdrawn status Lost status Damaged status Not for loan Home library Current library Date acquired Cost, normal purchase price Total Checkouts Full call number Barcode Date due Date last seen Date last checked out Cost, replacement price Price effective from Koha item type
        Chaudhary Ranbir Singh University Chaudhary Ranbir Singh University 05.03.2020 299.00 13 843.91 ALO 2530 29.04.2026 30.03.2026 30.03.2026 299.00 05.03.2020 Books


Copyright © 2025 CRSU. All Rights Reserved.